000 00226nam a2200085Ia 4500
245 0 _aDress and adornment
100 _a MAGUBANE, Peter Cape Town, 2001
_944130
942 _cBK
008 210818s9999 xx 000 0 und d
999 _c471385
_d471384